Red or White? Quiz Stats

 Plays Quiz Updated Jan 3, 2017

Challenge
Share
Tweet
Embed
Score 0/32 Timer 01:30
2 Plays Today
Wine (R)ed or (W)hite % Correct
Merlot???
86.4%
Sauvignon blanc???
83.8%
Chenin Blanc???
82.9%
Rioja???
82.7%
Chardonnay???
80%
Riesling???
77.3%
Pinot noir???
77.3%
Syrah/Shiraz???
76.6%
Pinot grigio???
75.9%
Cabernet sauvignon???
75.8%
Malbec???
74.8%
Barolo???
70.1%
Gewurztraminer???
67.5%
Barbera???
66.3%
Chablis???
64%
Sangiovese???
63.9%
Wine (R)ed or (W)hite % Correct
Albarino???
62.8%
Montepulciano???
62.1%
Garnacha???
61%
Amarone???
58.5%
Valpolicella???
58.5%
Viognier???
55.6%
Lambrusco???
55.5%
Semillon???
54.5%
Muscat???
53%
Cava???
51.7%
Sassella???
50.9%
Viura ???
47%
Agiorghitiko???
45.4%
Marsanne???
42.8%
Roussanne???
28.4%
Rueda???
21.2%

You're not logged in!

Compare scores with friends on all Sporcle quizzes.
Join for Free
OR
Log In

You Might Also Like...

Show Comments

Extras

Top Quizzes Today


Score Distribution

Your Account Isn't Verified!

In order to create a playlist on Sporcle, you need to verify the email address you used during registration. Go to your Sporcle Settings to finish the process.

Report this User

Report this user for behavior that violates our Community Guidelines.

Details: